|
|
|
|
| LEADER |
00869cam a2200241 7i4500 |
| 001 |
0000026012 |
| 005 |
20100312090000.0 |
| 008 |
090507 eng |
| 020 |
|
|
|a 9781856046022 (hbk.)
|
| 040 |
|
|
|a DLC
|
| 090 |
0 |
0 |
|a ZA4230
|b .W56 2007
|
| 100 |
1 |
|
|a White, Martin
|
| 245 |
1 |
0 |
|a Making search work :
|b implementing web, intranet, and enterprise search
|c Martin White.
|
| 260 |
|
|
|a London:
|b Facet Publishing,
|c 2007.
|
| 300 |
|
|
|a xviii, 172 p.;
|c 24 cm.
|
| 500 |
|
|
|a Includes index
|
| 650 |
0 |
0 |
|a Intranets (Computer networks)
|
| 650 |
0 |
0 |
|a Knowledge management
|
| 650 |
0 |
0 |
|a Business enterprises --
|x Computer networks
|
| 650 |
0 |
0 |
|a Search engines
|
| 999 |
|
|
|a 0000005646
|b BOK
|c OPEN SHELF
|e 2nd Floor, Bestari Jaya
|
| 999 |
|
|
|a 0000005656
|b BOK
|c OPEN SHELF
|e 2nd Floor, Bestari Jaya
|
| 999 |
|
|
|a 0000005701
|b BOK
|c OPEN SHELF
|e 2nd Floor, Bestari Jaya
|